| 000 | 01201cam a22003497a 4500 | ||
|---|---|---|---|
| 001 | 13460894 | ||
| 003 | OSt | ||
| 005 | 20180116192413.0 | ||
| 008 | 040116s2003 sz a b 001 0 eng | ||
| 010 | _a 2004268115 | ||
| 015 | _aGBA2-V52 | ||
| 020 | _a3764367237 | ||
| 035 | _a(CStRLIN)PAUGV3277311-B | ||
| 035 | _a(PU)3277311 | ||
| 040 |
_aBDS _cBDS _dUk _beng _dDLC |
||
| 042 | _alccopycat | ||
| 050 | 0 | 0 |
_aTH845 _b.D36 2003 |
| 082 | _a690 | ||
| 100 | 1 |
_aDaniels, Klaus. _96254 |
|
| 245 | 1 | 0 |
_aAdvanced building systems : _ba technical guide for architects and engineers / _cKlaus Daniels ; English translation by Elizabeth Schwaiger. |
| 260 |
_aBasel ; _aBoston : _bBirkhäuser, _cc2003. |
||
| 300 |
_a522 p. : _bill. (some col.) ; _c31 cm. |
||
| 500 | _aIncludes bibliographical references and index. | ||
| 650 | 0 |
_aBuilding _xAutomation. _96255 |
|
| 650 | 0 |
_aSystems engineering. _96256 |
|
| 650 | 0 |
_aArchitectural design. _96257 |
|
| 700 | 1 |
_aSchwaiger, Elizabeth. _96258 |
|
| 906 |
_a7 _bcbc _ccopycat _d2 _encip _f20 _gy-gencatlg |
||
| 942 |
_2ddc _cBK |
||
| 999 |
_c353627 _d353627 |
||